000 00799nab a2200241u 4500
001 15748
003 HDC
007 c| |||a|c|aaaa
008 210218b20140411my ||||| |||| 00| 0 may d
040 _aHDC
100 _aMohd Fahmi Mohd Yusof /
_eauthor
_915825
245 0 _aRestoran 'tandas' tiada logo halal /
_cMohd Fahmi Mohd Yusof
336 _atext
_2rdacontent
337 _acomputer
_2rdamedia
338 _aonline resource
_2rdacarrier
650 _ahalal logo
_91692
650 _aMajlis Agama Islam Johor (MAIJ)
_915826
710 _aBERITA HARIAN
856 _zRequest full-text at [email protected]
942 _2lcc
942 _cNEWS
942 _kNWSC 003745
999 _c13064
_d13064